Italian cities: fun and strange facts - Statistics

General Stats
  • This quiz has been taken 45 times
  • The average score is 9 of 15
Answer Stats
Hint Answer % Correct
This city famous for spaghetti has the world's oldest university, and was involved in the 1325 War of the Bucket. Bologna
97%
A squint building in this Tuscan city is is tilted by 4 degrees to the south. Pisa
94%
Also noted for its balsamic vinegar, this city in Emilia-Romagna was the victor in the War of the Bucket. Modena
83%
The mid-1500s Council of Trent was held in this Alpine town. The Ladin language is spoken by some in this area. Trento
81%
In 2015, a dog in this pizza mecca walked six miles from his house to be reunited with his doggy girlfriend. Naples
75%
This enclave near Lugano is Italian, but is surrounded by Swiss territory, cutting it off from the rest of Italy. Campione d’Italia
72%
This city stands on an artificial island with a foundation built using 10 million tree trunks. Venice
72%
This town in Emilia-Romagna was the setting for the San Marino Grand Prix, where Ayrton Senna last raced. Imola
64%
A court in this island capital ruled in 2015 that a Fiat employee could not be sacked for viewing porn on his lunch break. Palermo
58%
A fountain in this volcanic-sounding Abruzzo village pours local red wine instead of water. Caldari di Ortona
53%
This Ligurian town became a state in 954 and still makes a claim to be independent, a claim only recognised by Burkina Faso. Seborga
44%
In a 2010 crimewave in this metropolis, gypsy children were making up to $20,000 a month. Milan
36%
The mayor of this Calabria village issued a decree forbidding anyone there from falling ill. Sellia
33%
In 2004, a woman in this metropolis had a colossal breast enlargement, then left without paying the €7,500 bill. She used a false name, so it was reported that police relied on a photo and her outsized bust to try and find her. Rome
28%
A chap in this Sicilian town got a friend to shoot him in the groin in the hope of making his ex-girlfriend feel sorry for him. Piazza Armerina
19%
No matching quizzes found
Score Distribution
Percent of People with Each Score
Percentile by Number Answered
Your Score History
You have not taken this quiz